Responses for show #4626 - Monday, October 18, 2004

2004-B Kids Week game 1.

Contestants

Kelly Scurry, an 11-year-old seventh grader from Lauderhill, Florida

Tim Koch, a 12-year-old sixth grader from Cliffwood, New Jersey

Megan Fraedrich, a 12-year-old seventh grader from Springfield, Virginia

Jeopardy! Round responses

ANIMALS
ALL I WANT FOR CHRISTMAS IS...
GET A JOB!
BOOK SERIES
NUMBER PATTERNS
NOTHIN' BUT "A"s
    $200 1
a giraffe

Megan
    $200 6
a karaoke machine

Tim
    $200 11
(Tim: What is the Marines?)

the Air Force

MeganTim
    $200 12
veterinarians

Kelly
    $200 26
25

Tim
    $200 17
Alcatraz

Megan
    $400 2
a camel

Megan
    $400 7
a trampoline

Tim
    $400 22
a game show host

Kelly
    $400 13
Laura Ingalls Wilder

Megan
    $400 27
20

Megan
    $400 18
an auction

Megan
    $600 3
a horse

Megan
    $600 8
(Tim: Who is Daredevil?)

Spider-Man

Tim
Triple Stumper
    $600 23
(Tim: What is custom-made?)

tailor

MeganTim
    $600 14
The Chronicles of Narnia

Kelly
    $600 28
(Alex: You keep adding 22 to the previous number.)
[The end-of-round signal sounds.]

100

Triple Stumper
    $600 19
an Amazon

Megan
    $800 4
cottontail

Kelly
    $800 9
a scooter

Tim
    $800 24
law

Megan
    $800 15
Mary-Kate and Ashley Olsen

Tim
    $800 20
Alpha

Megan
    $400 5
(Kelly: Um... they feed on dead animals?)

lay eggs

Kelly
    $1000 10
a Bratz doll

Tim
    $1000 25
a plumber

Megan
    $1000 16
Sweet Valley

Megan
    $1000 21
Apollo

Megan

Scores at the first commercial break (after clue 14):

Megan Tim Kelly
$1,800 $1,600 $1,200

Scores at the end of the Jeopardy! Round:

Megan Tim Kelly
$8,600 $2,000 $1,600

Double Jeopardy! Round responses

18th CENTURY AMERICA
THE LION KING ON BROADWAY
OUTDOORS
SIGNS & SYMBOLS
PALINDROMIC PLACES
ANYTHING BUT A's
(Alex: The correct response in each case will not have the letter "A," as opposed to the first round.)
    $400 1
Benjamin Franklin

Megan
    $400 2
Simba

Tim
    $400 3
smoke

Megan
    $400 26
[The end-of-round signal sounds.]

the national capital

Tim
    $400 15
Pennsylvania

Tim
    $400 9
Europe

Megan
    $800 5
Georgia

Kelly
    $800 4
Africa

Kelly
    $800 19
a rake

Tim
    $800 21
Japan

Kelly
    $800 10
(Kelly: Who is the baker?)

the butcher

Kelly
Triple Stumper
    $1200 6
(Kelly: What is Britannia?)

Encyclopaedia Britannica

Kelly
Triple Stumper
    $1200 14
"Hakuna Matata"

Kelly
    $1200 16
rapids

Megan
    $1200 22
(Tim: What is Egypt?)

Brazil

TimKelly
    $1200 11
French

Tim
    $2,000 7
the Stamp Act

Kelly
    $1600 17
(Kelly: Who is Mus--Nusafa---Mustafa?)

Mufasa

MeganKelly
    $1600 20
ice hockey

Megan
    $1600 23
England

Triple Stumper
    $1600 12
(Tim: What is subract--what is multiplication?)

division

MeganTim
    $2000 8
Patrick Henry

Megan
    $2000 18
"The Circle Of Life"

Tim
    $2000 25
the bridle

Tim
    $2000 24
Russia

Kelly
    $2000 13
(Tim: What is a general?)

colonel

TimKelly

Scores at the end of the Double Jeopardy! Round:

Megan Tim Kelly
$17,800 $4,400 $8,800
(lock game)

[wagering suggestions for these scores]

Final Jeopardy! Round responses

FAMOUS FIRSTS
TimWho was Edison?
$4,400
KellyWho is Bell?
$800
MeganWho is Alexander Graham Bell?
$2,000
Alexander Graham Bell

Final scores:

Megan Tim Kelly
$19,800 $0 $9,600
Winner: $19,800 + an AOL for Broadband computer package 3rd place: $1,000 + an AOL for Broadband computer package 2nd place: $2,000 + an AOL for Broadband computer package

Game dynamics:

Coryat scores:

Megan Tim Kelly
$17,800 $4,400 $8,800
23 R,
0 W
13 R,
6 W
12 R
(including 1 DD),
4 W
(including 1 DD)

Combined Coryat: $31,000

The J! Archive is created by fans, for fans. The Jeopardy! game show and all elements thereof, including but not limited to copyright and trademark thereto, are the property of Jeopardy Productions, Inc. and are protected under law. This website is not affiliated with, sponsored by, or operated by Jeopardy Productions, Inc. Join the discussion at JBoard.tv.